Hacia una refundación de la teoría democrática /

Αποθηκεύτηκε σε:
Λεπτομέρειες βιβλιογραφικής εγγραφής
Κύριος συγγραφέας: Lander, Edgardo
Μορφή: Κείμενο
Ετικέτες: Προσθήκη ετικέτας
Δεν υπάρχουν, Καταχωρήστε ετικέτα πρώτοι!

MARC

LEADER 00000 a a2200000 04500
001 17220
003
040
100 |a Lander, Edgardo  
245 |a Hacia una refundación de la teoría democrática /  |c Edgardo Lander  
773 |g volumen 4, número 2 -3; páginas 181-211  
999 |c 19963  |d 19963